Prosa / (Record no. 180237)
[ view plain ]
| 000 -LEADER | |
|---|---|
| campo de control de longitud fija | 01004nam a2200265 i 4500 |
| 001 - NÚMERO DE CONTROL | |
| campo de control | 180237 |
| 003 - IDENTIFICADOR DE NÚMERO DE CONTROL | |
| campo de control | ES-MaACL |
| 005 - FECHA Y HORA DE LA ÚLTIMA TRANSACCIÓN | |
| campo de control | 20250805005701.0 |
| 008 - DATOS DE LONGITUD FIJA--INFORMACIÓN GENERAL | |
| campo de control de longitud fija | 120521m19972008sp | |||||||| | spa d |
| 020 ## - NÚMERO INTERNACIONAL ESTÁNDAR DEL LIBRO | |
| Número Internacional Estándar del Libro | 84-89794-08-1 |
| 080 ## - NÚMERO DE LA CLASIFICACIÓN DECIMAL UNIVERSAL | |
| Número de la Clasificación Decimal Universal | 821.134.2-3"15" |
| 100 1# - ENTRADA PRINCIPAL--NOMBRE DE PERSONA | |
| Nombre de persona | Vega, Lope de, |
| Fechas asociadas al nombre | 1562-1635 |
| 9 (RLIN) | 113563 |
| 245 10 - MENCIÓN DEL TÍTULO | |
| Título | Prosa / |
| Mención de responsabilidad, etc. | Lope de Vega ; [edición y prólogo de Donald McGrady]. |
| 260 ## - PUBLICACIÓN, DISTRIBUCIÓN, ETC. | |
| Lugar de publicación, distribución, etc. | Madrid : |
| Nombre del editor, distribuidor, etc. | Ediciones de la Fundación José Antonio de Castro, |
| Fecha de publicación, distribución, etc. | 1997-[2008] |
| 300 ## - DESCRIPCIÓN FÍSICA | |
| Extensión | 3 v. ; |
| Dimensiones | 23 cm. |
| 490 1# - MENCIÓN DE SERIE | |
| Mención de serie | Obras completas de Lope de Vega ; |
| Designación de volumen o secuencia | v. 33-35 |
| 490 1# - MENCIÓN DE SERIE | |
| Mención de serie | Biblioteca Castro |
| 504 ## - NOTA DE BIBLIOGRAFÍA, ETC. | |
| Nota de bibliografía, etc. | Bibliografía. |
| 505 8# - NOTA DE CONTENIDO CON FORMATO | |
| Nota de contenido con formato | Contiene: V. 1. Arcadia. El peregrino en su patria. -- V. 2. Pastores de Belén. Novelas a Marcia. La Dorotea. -- V. 3. Epistolario, I (1604-1633) |
| 700 1# - ENTRADA AGREGADA--NOMBRE PERSONAL | |
| Nombre de persona | McGrady, Donald. |
| 9 (RLIN) | 150049 |
| 830 00 - PUNTO DE ACCESO ADICIONAL DE SERIE-TÍTULO UNIFORME | |
| Título uniforme | Obras completas de Lope de Vega |
| Designación de volumen o secuencia | v. 33-35 |
| 9 (RLIN) | 191211 |
| 830 0# - PUNTO DE ACCESO ADICIONAL DE SERIE-TÍTULO UNIFORME | |
| Título uniforme | Biblioteca Castro |
| 9 (RLIN) | 178957 |
| 852 ## - LOCALIZACIÓN | |
| Ubicación | ES-MaACL |
| Número de control de estantería | L-29850-52 |
| Estatus retirado | Estado de pérdida | Estado de daño | No para préstamo | Biblioteca de origen | Biblioteca actual | Ubicación en estantería | Fecha de adquisición | Fuente de adquisición | Total de préstamos | Signatura topográfica completa | Código de barras | Visto por última vez | Precio de reemplazo | Tipo de ítem Koha |
|---|---|---|---|---|---|---|---|---|---|---|---|---|---|---|
| Biblioteca del Ateneo de Madrid | Biblioteca del Ateneo de Madrid | Depósito 2 | 21/05/2012 | L-29850-52 | 1189387 | 23/02/2023 | 23/02/2023 | Libro impreso |
